| 000 | 01050nam a22002897a 4500 | ||
|---|---|---|---|
| 001 | 5142 | ||
| 003 | FISKH | ||
| 005 | 20241107124538.0 | ||
| 008 | 241107b cb ||||| |||| 00| 0 eng d | ||
| 020 | _a9781407124148 | ||
| 040 |
_aFISKH _beng _cFISKH _dFISKH |
||
| 050 | _aDG61.B769 | ||
| 082 | _a937 | ||
| 100 | _aBrown , Toby | ||
| 245 |
_aJulius Caesar and His Foul Friends / _cby Toby Brown |
||
| 260 |
_aNew York : _bScholastic ; _c2006 . |
||
| 300 |
_a190 pages : _billustrations ; _c21 cm . |
||
| 490 | _aHorribly Famous | ||
| 505 | _aZ | ||
| 520 | _aJulius Caesar is famous for: conquering loads of countries; going out with Queen Cleopatra; having some back-stabbing chums. This book provides some facts about him such as that Caesar was once captured by pirates, had a month named after him, and invaded his own home town. | ||
| 521 | 8 |
_a1050
_bLexile |
|
| 521 | 8 |
_aZ
_bRaz-Plus |
|
| 650 |
_aAncient Roman History _vnon-fiction |
||
| 700 |
_aGoddard, Clive _eillustrator |
||
| 942 |
_2ddc _cBK _n0 |
||
| 999 |
_c5142 _d5142 |
||